|
|
|
|
| LEADER |
02476nam a2200709 i 4500 |
| 001 |
nkc20193160462 |
| 003 |
CZ PrNK |
| 005 |
20200310102434.0 |
| 007 |
ta |
| 008 |
191120s2019 xr ach e 000 0dcze |
| 015 |
|
|
|a cnb003160462
|
| 020 |
|
|
|a 978-80-7363-952-5
|q (brožováno) :
|c Kč 399,00
|
| 035 |
|
|
|a (OCoLC)1140093726
|
| 040 |
|
|
|a BOA001
|b cze
|e rda
|
| 043 |
|
|
|a e-xr---
|
| 045 |
|
|
|a x7x9
|
| 072 |
|
7 |
|a 7.01/.09
|x Umění
|2 Konspekt
|9 21
|
| 080 |
|
|
|a 070.48
|2 MRF
|
| 080 |
|
|
|a 74/76.05
|2 MRF
|
| 080 |
|
|
|a 741/744(437.3)
|2 MRF
|
| 080 |
|
|
|a 82:72/76
|2 MRF
|
| 080 |
|
|
|a (437.3)
|2 MRF
|
| 080 |
|
|
|a (084.11)
|2 MRF
|
| 080 |
|
|
|a (0:82-9)
|2 MRF
|
| 080 |
|
|
|a (082.21)
|2 MRF
|
| 080 |
|
|
|a (047.53)
|2 MRF
|
| 100 |
1 |
|
|a Wernischová, Helena,
|d 1942-
|7 jk01151616
|4 aut
|
| 245 |
1 |
0 |
|a Melancholie /
|c Helena Wernischová
|
| 250 |
|
|
|a První vydání
|
| 264 |
|
1 |
|a Praha :
|b Dokořán,
|c 2019
|
| 300 |
|
|
|a 127 stran :
|b ilustrace (některé barevné), portréty, faksimile ;
|c 26 cm
|
| 336 |
|
|
|a text
|b txt
|2 rdacontent
|
| 336 |
|
|
|a statický obraz
|b sti
|2 rdacontent
|
| 337 |
|
|
|a bez média
|b n
|2 rdamedia
|
| 338 |
|
|
|a svazek
|b nc
|2 rdacarrier
|
| 600 |
1 |
7 |
|a Wernischová, Helena,
|d 1942-
|7 jk01151616
|2 czenas
|
| 630 |
0 |
7 |
|a Melancholie (časopis)
|7 unn20201061328
|2 czenas
|
| 630 |
0 |
9 |
|a Melancholie (journal)
|2 eczenas
|
| 648 |
|
4 |
|a 1974-1993
|
| 648 |
|
7 |
|a 20. století
|7 ch460558
|2 czenas
|
| 650 |
0 |
7 |
|a časopisy
|7 ph116844
|z Česko
|y 20. století
|2 czenas
|
| 650 |
0 |
7 |
|a ilustrace
|7 ph114755
|z Česko
|y 20. století
|2 czenas
|
| 650 |
0 |
7 |
|a česká kresba
|7 ph116857
|y 20. století
|2 czenas
|
| 650 |
0 |
7 |
|a literatura a umění
|7 ph115156
|z Česko
|y 20. století
|2 czenas
|
| 650 |
0 |
9 |
|a journals
|z Czechia
|y 20th century
|2 eczenas
|
| 650 |
0 |
9 |
|a illustration
|z Czechia
|y 20th century
|2 eczenas
|
| 650 |
0 |
9 |
|a Czech drawing
|y 20th century
|2 eczenas
|
| 650 |
0 |
9 |
|a literature and art
|z Czechia
|y 20th century
|2 eczenas
|
| 653 |
0 |
|
|a autorské časopisy
|
| 655 |
|
7 |
|a obrazové publikace
|7 fd132947
|2 czenas
|
| 655 |
|
7 |
|a texty
|7 fd133699
|2 czenas
|
| 655 |
|
7 |
|a výbory
|7 fd133853
|2 czenas
|
| 655 |
|
7 |
|a rozhovory
|7 fd133303
|2 czenas
|
| 655 |
|
9 |
|a pictorial works
|2 eczenas
|
| 655 |
|
9 |
|a texts
|2 eczenas
|
| 655 |
|
9 |
|a selected works
|2 eczenas
|
| 655 |
|
9 |
|a interviews
|2 eczenas
|
| 910 |
2 |
|
|a BOA001
|b 3-1440.403
|
| 990 |
|
|
|a BK
|
| 995 |
|
|
|a 01
|
| 991 |
|
|
|b 201912
|c NOV
|
| 996 |
6 |
|
|b 2610806888
|c 3-1440.403
|l MZK
|r Sklad / do 1 hodiny
|n 2
|p p.v.
|w 001769754
|u 000010
|a 1
|e BOA001
|j MZK50
|s P
|